Finish the lyrics: Candy Store-Heathers - Statistics

General Stats
  • This quiz has been taken 2,358 times
  • The average score is 48 of 81
Answer Stats
Lyrics Answer % Correct
You got a bone to pick
98%
Are we gonna have a problem
98%
You’ve come so far
96%
Here's some advice
95%
I'd normally slap your face off
94%
But I'm feeling nice
94%
And everyone here could watch
94%
Why now are you pulling on my dick
92%
I like
85%
I like
85%
I like
85%
I like
85%
Maxin' Dad's credit card
84%
Scaring her
84%
Screwing him
84%
Lookin' hot
84%
Kickin' nerds in the nose
82%
Buying stuff they cannot
81%
If you lack the balls
79%
Honey, whatchu waitin' for
79%
Honey, whatchu waitin' for
79%
Welcome to my candy store
78%
Then step into my candy store
78%
Welcome to my candy store
78%
Then step into my candy store
78%
Step into my candy store
78%
Step into my candy store
78%
Killer clothes
77%
Let your mommy fix you a snack
77%
Skippin' gym
77%
Drinkin' hard
77%
You can go play dolls
74%
Or you could come smoke
70%
Woah! Woah! Woah
70%
Woah! Woah! Woah
70%
Pound some rum and coke
69%
In my porsha with the quarterback
64%
All you
64%
You just gotta prove
61%
Time for you to prove
61%
At your feet
58%
Have to do
56%
Help you cheat
55%
Pay the check
54%
Guys fall
53%
It's time for you to prove
51%
Not your friend
50%
I can tell in the end
49%
If she
49%
Fine! Go braid her hair
48%
Maybe Sesame Street is on
47%
Had your shot
46%
You're not a pussy anymore
45%
You're not a pussy anymore
45%
You're not a loser anymore
45%
She would leave you to rot
45%
That freak's
44%
'Course if you don't care
43%
And get in my jeep
43%
Listen up, biotch
40%
Or forget that creep
39%
Let's go tear up someone's lawn
39%
Or you can bitch and moan
37%
What is the name of this song? Candy Store
37%
You can join the team
37%
Or you can die alone
36%
You can live the dream
36%
Keep on testing me
35%
This proves he's been thinking about me
35%
Say goodbye to Shamoo
33%
And end up like her
31%
Or if you prefer
30%
You can fly with eagles
29%
SHUT UP HEATHER
27%
Ram invited me to his homecoming party
26%
Color me stoked
24%
I'm so happy
22%
It's my candy store It's my candy
22%
It's my candy store It's my candy
22%
Veronica, look
22%
It's my candy store
22%
No matching quizzes found
Score Distribution
Percent of People with Each Score
Percentile by Number Answered
Your Score History
You have not taken this quiz